000 00454nam a2200181Ia 4500
001 10409
005 20260306161830.0
008 260306t1997||||xx |||||||||||||| ||spa||
041 _aESP
082 _a923.2946
_bP26
100 _aParedes, Javier
_eAUT
245 0 _aFélix Huarte 1896-1971:
_bun luchador enamorado de Navarra
260 _c1997
300 _a508 páginas :
_c24 cm.
650 _aGEN
654 _aCHU
942 _cLIB
_dJUS
_fJUS
_2ddc
_n
999 _c10409
_d10409